| 000 | 00998nam a2200253 i 4500 | ||
|---|---|---|---|
| 001 | bg | ||
| 100 | 1 | _aGŁOMBA, Michał | |
| 245 | 1 | 0 |
_aOczyszczanie gazów odlotowych w pozornych skruberach natryskowych / _cMichał Głomba. |
| 260 |
_aWrocław : _bOficyna Wydawnicza Politechniki Wrocławskiej, _c2005. |
||
| 300 |
_a207, [1] s. : _bil. ; _c24 cm. |
||
| 490 | 1 |
_aPrace Naukowe Instytutu Inżynierii Ochrony Środowiska Politechniki Wrocławskiej.. Monografie, _x0084-2869 ; _v45 |
|
| 500 | _aStreszcz. ang. | ||
| 500 | _aTyt. równol.: Flue gas cleaning in horizontal spray scrubbers. Nr serii gł.: nr 78. | ||
| 504 | _aBibliogr. s. 198-207. | ||
| 650 | 9 |
_aGazy odlotowe _xunieszkodliwianie _xmetody |
|
| 650 | 9 | _aOdpylacze | |
| 830 | 0 |
_aPrace Naukowe Instytutu Inżynierii Ochrony Środowiska Politechniki Wrocławskiej.. _pMonografie |
|
| 015 | _aPB 5629/2006 | ||
| 040 | _cBPK | ||
| 041 | 0 |
_apol _beng |
|
| 080 | _a628.5 | ||
| 942 | _cKS | ||
| 008 | s pl f |000 0 pol | ||
| 999 |
_c52676 _d52676 |
||
| 856 |
_uhttp://koha.tu.koszalin.pl/cgi-bin/koha/opac-detail.pl?biblionumber=52676 _yKatalog online BPK |
||